| 000 -Etiqueta do registo | |
|---|---|
| campo de controlo de comprimento fixo | 008380000a22002530004500 |
| 001 - Identificador do registo | |
| Campo de controlo | 52256 |
| 010 ## - ISBN | |
| Número (ISBN) | 972-22-2106-X |
| 021 ## - Nº depósito legal | |
| Código do país | Portugal |
| Número | 174617/02 |
| 100 ## - Dados Gerais de Proc. | |
| Dados gerais de processamento | 20171106d2017 k y0pory5003 ba |
| 101 0# - Língua da publicação | |
| Língua do texto, banda sonora, etc. | Português |
| 102 ## - País de Publicação | |
| País de publicação | Portugal |
| 200 1# - Título | |
| Título próprio | Anita e os amigos |
| Informação de outro título | Que tempo faz? |
| Primeira menção de responsabilidade | Gilbert Delahaye, Marcel Maelier |
| 210 ## - Publicação, Distribuição | |
| Lugar da edição, distribuição, etc. | Lisboa |
| Nome do editor, distribuidor, etc. | Verbo |
| Data da publicação, distribuição, etc. | 2002 |
| 215 ## - Descrição física | |
| Descrição física | [12] |
| Outras indicações físicas | muito il. |
| Material acompanhante | +40 autocolantes reutilizáveis |
| 606 ## - Nome comum | |
| Elemento de entrada | Literatura infantojuvenil |
| Subdivisão de assunto | Conto |
| 675 ## - CDU | |
| Notação | 82-34 |
| Edição | BN |
| Língua da edição | Português |
| 675 ## - CDU | |
| Notação | 087.5-053.5 |
| Edição | BN |
| Língua da edição | Português |
| 700 #1 - Responsabilidade principal | |
| Palavra de ordem | Delahaye |
| Outra parte do nome | Gilbert |
| 701 #1 - Co-responsabilidade principal | |
| Koha Internal Code | 29821 |
| Código de função | Autor |
| Palavra de ordem | Marlier |
| Outra parte do nome | Marcel |
| 801 ## - Fonte de origem | |
| País | Portugal |
| Data da última transacção | 20171106 |
| 859 ## - Imagem da capa | |
| Uniform Resource Location (URL) | https://livralivro.com.br/uploads/book/img/06X/972222106X.jpg |
| Nota informativa | Capa |
| 090 ## - Números de controlo do sistema (Koha) | |
| Número biblioitem do Koha (gerado automaticamente) | 52256 |
| 942 ## - Elementos de entrada adicionados (Koha) | |
| Tipo de item no Koha | Monografias |
| Suprimido | Disponível no OPAC |
| 999 ## - Campo local | |
| Campo local | 52256 |
| -- | Bibliobase - BEBDPPC |
| -- | 2019-01-21 |
| Removido (estado) | Perdido (estado) | Data de aquisição | Origem do registo (biblioteca) (codificado) | Código da organização que empresta ou é detentora (biblioteca) | Código de barras | Número de inventário | Cota | Tipo de circulação (não pode ser emprestado) | Tipo de item e material |
|---|---|---|---|---|---|---|---|---|---|
| Disponível | Disponível | 2017-11-06 | Biblioteca EB23 D. Paio Peres Correia | Biblioteca EB23 D. Paio Peres Correia | BEBDPPC7909 | 7909 | 82.03-34 ANI | Normal | Monografias |